000
00259nam a22001217a 4500
008
170209b xxu||||| |||| 00| 0 eng d
041
_a
eng
080
_a
61
100
_a
4
101
_a
SHM
245
_a
CLINICS GERIATRIC MEDICINE
_c
BORUM,L
942
_2
udc
_c
BK
999
_c
5019
_d
5019